[Event "25. Copenhagen Open  (Politiken Cup)"]
[Site "Copenhagen"]
[Date "2003.07.14"]
[Round "1"]
[White "Pedersen, Steen"]
[Black "Lund, Silas"]
[Result "0-1"]
[WhiteElo "1865"]
[BlackElo "2283"]
[PlyCount "80"]
[EventDate "2003.07.14"]
[EventType "swiss"]
[EventRounds "11"]
[EventCountry "DEN"]
[SourceDate "2004.01.01"]

1. e4 e6 2. d4 d5 3. exd5 exd5 4. c4 Nf6 5. Nc3 Bb4 6. Bd3 O-O 7. Nge2 dxc4 8.
Bxc4 Nc6 9. O-O h6 10. Re1 Bf5 11. a3 Bd6 12. Be3 Ng4 13. Ng3 Bxg3 14. hxg3
Nxe3 15. fxe3 Qd6 16. Qh5 Bg6 17. Qg4 a6 18. Ne2 Rae8 19. Nf4 Be4 20. Rf1 Re7
21. Nh5 Qg6 22. Rf4 Kh7 23. Qe2 Kh8 24. Qg4 Qxg4 25. Rxg4 Bg6 26. Nf4 Bf5 27.
Rh4 Rxe3 28. g4 Bh7 29. g5 Rg3 30. Rf1 Nd8 31. g6 Bxg6 32. Kh2 Rg5 33. Nh3 Rf5
34. Nf4 Rg5 35. Nh3 Rf5 36. Nf4 Bh7 37. Kg1 g5 38. Rxh6 Rxf4 39. Rxf4 gxf4 40.
Bd3 f5 0-1

[Event "25. Copenhagen Open  (Politiken Cup)"]
[Site "Copenhagen"]
[Date "2003.07.14"]
[Round "1"]
[White "Preuss, Flemming"]
[Black "Edvardsen, Ingar"]
[Result "1-0"]
[WhiteElo "2083"]
[BlackElo "1156"]
[PlyCount "63"]
[EventDate "2003.07.14"]
[EventType "swiss"]
[EventRounds "11"]
[EventCountry "DEN"]
[SourceDate "2004.01.01"]

1. e4 Nf6 2. e5 Nd5 3. c4 Nb6 4. c5 Nd5 5. Nc3 c6 6. d4 g6 7. Bc4 e6 8. Ne4 Be7
9. Nf3 O-O 10. O-O b5 11. Bd3 a5 12. Bh6 Re8 13. Nd6 Bxd6 14. cxd6 Bb7 15. h4
f5 16. h5 Na6 17. hxg6 hxg6 18. Rc1 Qb6 19. Qd2 c5 20. Qg5 Kh7 21. Nh4 Rg8 22.
f4 c4 23. Be2 Qxd4+ 24. Kh1 Rae8 25. Bh5 gxh5 26. Qxh5 Rg7 27. Bxg7+ Kxg7 28.
Rf3 Nf6 29. Qg6+ Kh8 30. Qxf6+ Kh7 31. Qf7+ Kh6 32. Qg6# 1-0

[Event "25. Copenhagen Open  (Politiken Cup)"]
[Site "Copenhagen"]
[Date "2003.07.14"]
[Round "1"]
[White "Radovic, Slobodan"]
[Black "Nielsen, Jens Holm"]
[Result "0-1"]
[WhiteElo "1391"]
[BlackElo "2102"]
[PlyCount "80"]
[EventDate "2003.07.14"]
[EventType "swiss"]
[EventRounds "11"]
[EventCountry "DEN"]
[SourceDate "2004.01.01"]

1. Nf3 d5 2. d4 c6 3. c4 e6 4. g3 f5 5. Bf4 Nf6 6. Nc3 Bb4 7. Qb3 Qe7 8. c5
Bxc3+ 9. Qxc3 Ne4 10. Qc2 Nd7 11. Nd2 e5 12. Nxe4 dxe4 13. Bxe5 Nxe5 14. dxe5
Qxe5 15. O-O-O Be6 16. Kb1 O-O 17. e3 b5 18. Be2 Rad8 19. h4 Rd5 20. Rxd5 Bxd5
21. b4 a5 22. Qb2 Qxb2+ 23. Kxb2 axb4 24. Rd1 Ra8 25. Rxd5 cxd5 26. Bxb5 Rc8
27. c6 Kf7 28. Kb3 Ke6 29. Kxb4 Kd6 30. a4 g6 31. a5 h6 32. a6 Rb8 33. Ka5 g5
34. hxg5 hxg5 35. Ba4 Rf8 36. Bb5 f4 37. gxf4 gxf4 38. Ba4 f3 39. Kb5 d4 40.
exd4 e3 0-1

[Event "25. Copenhagen Open  (Politiken Cup)"]
[Site "Copenhagen"]
[Date "2003.07.14"]
[Round "1"]
[White "Rasmussen, Karsten"]
[Black "Nielsen, Thomas"]
[Result "1-0"]
[WhiteElo "2437"]
[BlackElo "2028"]
[PlyCount "77"]
[EventDate "2003.07.14"]
[EventType "swiss"]
[EventRounds "11"]
[EventCountry "DEN"]
[SourceDate "2004.01.01"]

1. c4 c5 2. g3 e6 3. Nf3 d5 4. b3 Nc6 5. Bg2 Be7 6. Bb2 Nf6 7. O-O O-O 8. e3
Re8 9. d3 Nb4 10. a3 Nc6 11. Qe2 Qb6 12. Qc2 Qc7 13. Nc3 a6 14. cxd5 exd5 15.
Na4 b6 16. d4 Ne4 17. dxc5 bxc5 18. Rfd1 Be6 19. Nd2 Bg4 20. Rdc1 Nxd2 21. Qxd2
Ne5 22. Qxd5 Bf6 23. Rxc5 Qe7 24. Qe4 Bf3 25. Bxf3 Nxf3+ 26. Qxf3 Bxb2 27. Ra2
Bf6 28. Rac2 Rab8 29. b4 Qe6 30. Rd5 a5 31. Nc5 Qc6 32. Qd1 Rbd8 33. Nd7 Qe6
34. Rd6 Qe7 35. Rcd2 Bc3 36. R2d3 axb4 37. axb4 Rc8 38. Nb6 Bxb4 39. Nxc8 1-0

[Event "25. Copenhagen Open  (Politiken Cup)"]
[Site "Copenhagen"]
[Date "2003.07.14"]
[Round "1"]
[White "Rasmussen, Peter Nybo"]
[Black "Malmdin, Nils Ake"]
[Result "0-1"]
[WhiteElo "1692"]
[BlackElo "2190"]
[PlyCount "44"]
[EventDate "2003.07.14"]
[EventType "swiss"]
[EventRounds "11"]
[EventCountry "DEN"]
[SourceDate "2004.01.01"]

1. d4 Nf6 2. c4 e6 3. Nc3 Bb4 4. e3 O-O 5. Nge2 d5 6. a3 Be7 7. cxd5 exd5 8.
Ng3 c5 9. dxc5 Bxc5 10. Bd3 Nc6 11. O-O Be6 12. e4 d4 13. Nce2 a5 14. Bf4 Ng4
15. Rc1 Bb6 16. Nf5 Nge5 17. Neg3 g6 18. Bh6 gxf5 19. exf5 Bd5 20. f4 Qh4 21.
Bg5 Qg4 22. Be2 d3+ 0-1

[Event "25. Copenhagen Open  (Politiken Cup)"]
[Site "Copenhagen"]
[Date "2003.07.14"]
[Round "1"]
[White "Rasmussen, Poul"]
[Black "Vovk, Oksana"]
[Result "0-1"]
[WhiteElo "1498"]
[BlackElo "2107"]
[PlyCount "84"]
[EventDate "2003.07.14"]
[EventType "swiss"]
[EventRounds "11"]
[EventCountry "DEN"]
[SourceDate "2004.01.01"]

1. e4 e6 2. d4 d5 3. Nc3 Nf6 4. Bg5 Be7 5. e5 Nfd7 6. Bxe7 Qxe7 7. Nf3 a6 8.
Be2 c5 9. O-O Nc6 10. dxc5 Qxc5 11. Re1 O-O 12. Bd3 h6 13. a3 b5 14. Qd2 Nb6
15. b3 Bb7 16. Ne2 Nd7 17. Ng3 Qe7 18. Qf4 Rac8 19. Qg4 Kh8 20. Nh5 Rg8 21. Nf4
Nc5 22. h4 Nxd3 23. cxd3 g6 24. Qh3 b4 25. axb4 Nxb4 26. Rec1 Nc2 27. Ra2 Nd4
28. Rxc8 Nxf3+ 29. Qxf3 Rxc8 30. h5 Rc1+ 31. Kh2 Qh4+ 32. Nh3 Kg7 33. Ra4 Qxh5
34. Qf6+ Kg8 35. Rf4 g5 36. Rb4 Bc8 37. Rb8 g4 38. Qd8+ Kg7 39. Qf6+ Kh7 40.
Qf4 gxh3 41. g4 Qg5 42. Qxf7+ Qg7 0-1

[Event "25. Copenhagen Open  (Politiken Cup)"]
[Site "Copenhagen"]
[Date "2003.07.14"]
[Round "1"]
[White "Remman, Frank"]
[Black "Kokholm, Daniel"]
[Result "0-1"]
[WhiteElo "1548"]
[BlackElo "2115"]
[PlyCount "90"]
[EventDate "2003.07.14"]
[EventType "swiss"]
[EventRounds "11"]
[EventCountry "DEN"]
[SourceDate "2004.01.01"]

1. d4 Nc6 2. c4 e5 3. d5 Nce7 4. e4 Ng6 5. g3 Bc5 6. Bg2 Nf6 7. Ne2 c6 8. O-O
d6 9. h3 O-O 10. Nbc3 a5 11. Bg5 h6 12. Bd2 Ne8 13. Nc1 f5 14. dxc6 bxc6 15.
Nd3 Ba7 16. b4 f4 17. Kh2 axb4 18. Nxb4 Qd7 19. g4 f3 20. Bxf3 h5 21. Be3 Nf6
22. c5 Nh4 23. Be2 Rb8 24. a3 hxg4 25. hxg4 Ne8 26. f4 exf4 27. Bf2 Ng6 28. Nd3
Qf7 29. Bf3 Qf6 30. Rc1 Be6 31. cxd6 Bxf2 32. Rxf2 Qh4+ 33. Kg1 Nf6 34. Rh2 Qg5
35. Nf2 Ne5 36. Rg2 Rb2 37. Nh3 Rxg2+ 38. Kxg2 Qh6 39. Qh1 Nxf3 40. Kxf3 Bxg4+
41. Kg2 Nd7 42. Rf1 Qxd6 43. Nb1 Qe5 44. Nf2 f3+ 45. Kg1 Qg3+ 0-1

[Event "25. Copenhagen Open  (Politiken Cup)"]
[Site "Copenhagen"]
[Date "2003.07.14"]
[Round "1"]
[White "Rendboe, John Filip"]
[Black "Zachariassen, John"]
[Result "1-0"]
[WhiteElo "2239"]
[BlackElo "1781"]
[PlyCount "63"]
[EventDate "2003.07.14"]
[EventType "swiss"]
[EventRounds "11"]
[EventCountry "DEN"]
[SourceDate "2004.01.01"]

1. d4 g6 2. c4 Bg7 3. Nc3 a6 4. e4 d6 5. Be3 Nf6 6. f3 Nc6 7. Nge2 e5 8. d5 Ne7
9. Qd2 h6 10. Nc1 g5 11. Nd3 Ng6 12. O-O-O Qe7 13. Kb1 Bd7 14. c5 Nh5 15. g3 f5
16. Re1 Nf6 17. c6 bxc6 18. dxc6 Be6 19. Nb4 fxe4 20. fxe4 a5 21. Nbd5 Qd8 22.
Bc4 Bh3 23. Qe2 Ng4 24. Bb6 cxb6 25. c7 Qc8 26. Nxb6 Qxc7 27. Nxa8 Qa7 28. Nd5
O-O 29. Nf4+ Kh7 30. Nxh3 Ne3 31. Nc7 g4 32. Ne6 1-0

[Event "25. Copenhagen Open  (Politiken Cup)"]
[Site "Copenhagen"]
[Date "2003.07.14"]
[Round "1"]
[White "Riis, Jens"]
[Black "Lie, Terje"]
[Result "1-0"]
[WhiteElo "2067"]
[BlackElo "1000"]
[PlyCount "67"]
[EventDate "2003.07.14"]
[EventType "swiss"]
[EventRounds "11"]
[EventCountry "DEN"]
[SourceDate "2004.01.01"]

1. Nf3 d5 2. d4 Nf6 3. Bf4 e6 4. e3 Be7 5. Bd3 Nc6 6. Nbd2 Nb4 7. Be2 O-O 8.
Ne5 c5 9. c3 Nc6 10. Bd3 c4 11. Bc2 Nxe5 12. Bxe5 Bd7 13. O-O b5 14. e4 Bc6 15.
Bxf6 Bxf6 16. e5 Be7 17. f4 f6 18. exf6 Rxf6 19. Qg4 Qd6 20. Rae1 Raf8 21. Nf3
Be8 22. Ne5 Rh6 23. Re3 Bh5 24. Qg3 Rff6 25. Qe1 Rf8 26. g4 Bf7 27. g5 Rg6 28.
h4 Be8 29. Nxg6 Bxg6 30. Bxg6 Rxf4 31. Bh5 Re4 32. Rxe4 dxe4 33. Qf2 Bd8 34.
Qf7+ 1-0

[Event "25. Copenhagen Open  (Politiken Cup)"]
[Site "Copenhagen"]
[Date "2003.07.14"]
[Round "1"]
[White "Romsdal, Trond"]
[Black "Thestrup, Sixten"]
[Result "1-0"]
[WhiteElo "2207"]
[BlackElo "1704"]
[PlyCount "47"]
[EventDate "2003.07.14"]
[EventType "swiss"]
[EventRounds "11"]
[EventCountry "DEN"]
[SourceDate "2004.01.01"]

1. d4 f5 2. c4 Nf6 3. g3 g6 4. Nc3 Bg7 5. Bg2 d6 6. Nf3 O-O 7. O-O Qe8 8. d5 e5
9. dxe6 Bxe6 10. Nd4 c6 11. b3 Qd7 12. Ba3 Rd8 13. Qd3 Bf7 14. Rad1 d5 15. cxd5
Nxd5 16. Nxd5 Bxd5 17. Bxd5+ Qxd5 18. Nxc6 bxc6 19. Qc4 Qxc4 20. Rxd8+ Kf7 21.
bxc4 Bf6 22. Rf8+ Ke6 23. Rb1 Be5 24. Rb7 1-0

[Event "25. Copenhagen Open  (Politiken Cup)"]
[Site "Copenhagen"]
[Date "2003.07.14"]
[Round "1"]
[White "Rosenkilde, Alexander"]
[Black "Rossen, Claus"]
[Result "0-1"]
[WhiteElo "1699"]
[BlackElo "2202"]
[PlyCount "50"]
[EventDate "2003.07.14"]
[EventType "swiss"]
[EventRounds "11"]
[EventCountry "DEN"]
[SourceDate "2004.01.01"]

1. d4 Nf6 2. c4 e6 3. Nf3 b6 4. a3 Ba6 5. Qc2 d5 6. b3 Nbd7 7. Bg5 Be7 8. e3 h6
9. Bh4 O-O 10. Bd3 c5 11. Nbd2 Rc8 12. Qb2 cxd4 13. Nxd4 Ne5 14. Be2 dxc4 15.
Rc1 c3 16. Rxc3 Rxc3 17. Qxc3 Nd5 18. Qa1 Bxh4 19. Bxa6 Nxe3 20. Ke2 Nxg2 21.
Rg1 Nf4+ 22. Kf1 Bxf2 23. Kxf2 Nh3+ 24. Kf1 Nxg1 25. Kxg1 Qg5+ 0-1

[Event "25. Copenhagen Open  (Politiken Cup)"]
[Site "Copenhagen"]
[Date "2003.07.14"]
[Round "1"]
[White "Royset, Paal"]
[Black "Vik Hansen, Rune"]
[Result "1-0"]
[WhiteElo "2252"]
[BlackElo "1787"]
[PlyCount "59"]
[EventDate "2003.07.14"]
[EventType "swiss"]
[EventRounds "11"]
[EventCountry "DEN"]
[SourceDate "2004.01.01"]

1. e4 c5 2. c3 Nf6 3. e5 Nd5 4. Nf3 e6 5. d4 cxd4 6. cxd4 b6 7. Nc3 Nxc3 8.
bxc3 Qc7 9. Bd2 Bb7 10. Ng5 Be7 11. Qh5 Bxg5 12. Qxg5 O-O 13. Bd3 d6 14. Qh4 g6
15. f4 Nd7 16. O-O f5 17. exf6 Nxf6 18. Rae1 Rae8 19. Re3 Nd5 20. Rg3 Ne7 21.
Qh3 Nf5 22. Rg5 Kg7 23. g4 h6 24. gxf5 hxg5 25. fxg5 Rh8 26. f6+ Kf7 27. Bxg6+
Kxg6 28. Qd3+ Kh5 29. f7 Ref8 30. Rf6 1-0

[Event "25. Copenhagen Open  (Politiken Cup)"]
[Site "Copenhagen"]
[Date "2003.07.14"]
[Round "1"]
[White "Sandbech, Ted"]
[Black "Ostergaard, Rasmus"]
[Result "0-1"]
[WhiteElo "1660"]
[BlackElo "2166"]
[PlyCount "68"]
[EventDate "2003.07.14"]
[EventType "swiss"]
[EventRounds "11"]
[EventCountry "DEN"]
[SourceDate "2004.01.01"]

1. Nf3 d5 2. d4 Nf6 3. c4 c6 4. Nc3 e6 5. Bg5 Nbd7 6. e3 Qa5 7. Qc2 Ne4 8. cxd5
exd5 9. Be2 Bb4 10. O-O Bxc3 11. bxc3 Qxc3 12. Qxc3 Nxc3 13. Bd3 O-O 14. Be7
Re8 15. Bb4 Ne4 16. Rfe1 a5 17. Ba3 b6 18. Rac1 Bb7 19. Rc2 Rac8 20. Nd2 Nxd2
21. Rxd2 g6 22. Rde2 c5 23. Bb5 Bc6 24. Bxc6 Rxc6 25. Rc2 Rec8 26. Rec1 f6 27.
Kf1 Kf7 28. Ke2 Ke6 29. Kd2 c4 30. f3 b5 31. Re1 b4 32. Bc1 a4 33. e4 c3+ 34.
Kd1 b3 0-1

[Event "25. Copenhagen Open  (Politiken Cup)"]
[Site "Copenhagen"]
[Date "2003.07.14"]
[Round "1"]
[White "Sander, Rolf"]
[Black "Sakaev, Konstantin"]
[Result "0-1"]
[WhiteElo "2060"]
[BlackElo "2655"]
[PlyCount "58"]
[EventDate "2003.07.14"]
[EventType "swiss"]
[EventRounds "11"]
[EventCountry "DEN"]
[SourceDate "2004.01.01"]

1. e4 c5 2. Nf3 d6 3. d4 cxd4 4. Nxd4 Nf6 5. Nc3 a6 6. Be3 e6 7. f3 b5 8. Qd2
Nbd7 9. g4 Nb6 10. g5 Nfd7 11. O-O-O Bb7 12. a3 Rc8 13. h4 Ne5 14. Qe1 Nec4 15.
Bg1 Qc7 16. Rd3 Be7 17. Bh3 O-O 18. Rh2 Kh8 19. Rf2 d5 20. exd5 Nxd5 21. Nxd5
Bxd5 22. Bh2 Qb7 23. f4 Be4 24. Rd1 b4 25. a4 b3 26. Nxb3 Bxc2 27. Rxc2 Qxb3
28. Qc3 Qa2 29. b3 Ba3+ 0-1

[Event "25. Copenhagen Open  (Politiken Cup)"]
[Site "Copenhagen"]
[Date "2003.07.14"]
[Round "1"]
[White "Schmied, Andreas"]
[Black "Anders, Maik"]
[Result "1-0"]
[WhiteElo "2124"]
[BlackElo "1558"]
[PlyCount "82"]
[EventDate "2003.07.14"]
[EventType "swiss"]
[EventRounds "11"]
[EventCountry "DEN"]
[SourceDate "2004.01.01"]

1. e4 d5 2. exd5 Qxd5 3. Nc3 Qa5 4. d4 Nf6 5. Bc4 Bf5 6. Nf3 e6 7. Bd2 c6 8.
Qe2 Bb4 9. O-O-O Nbd7 10. a3 Be7 11. Nd5 Qd8 12. Nxe7 Qxe7 13. Ne5 Nd5 14. Rhe1
N7b6 15. Bb3 O-O 16. g4 Bg6 17. f4 Rfe8 18. Qf2 f6 19. Nxg6 hxg6 20. h4 Kf7 21.
f5 gxf5 22. gxf5 Qd7 23. fxe6+ Rxe6 24. Rxe6 Qxe6 25. Kb1 Qg4 26. Rg1 Qd7 27.
Qg3 Rg8 28. h5 Nc8 29. Qg6+ Kf8 30. h6 Qf7 31. Bb4+ Nce7 32. Qg3 g5 33. Qb8+
Qe8 34. Qxb7 Rh8 35. Bxd5 cxd5 36. Re1 Rh7 37. Re6 g4 38. Qxd5 g3 39. Qf3 Rxh6
40. Rxe7 Qxe7 41. Bxe7+ Kxe7 1-0

[Event "25. Copenhagen Open  (Politiken Cup)"]
[Site "Copenhagen"]
[Date "2003.07.14"]
[Round "1"]
[White "Skaanning Pedersen, Kim Henrik"]
[Black "Salomonsen, Rune"]
[Result "1-0"]
[WhiteElo "2187"]
[BlackElo "1691"]
[PlyCount "39"]
[EventDate "2003.07.14"]
[EventType "swiss"]
[EventRounds "11"]
[EventCountry "DEN"]
[SourceDate "2004.01.01"]

1. e4 c5 2. c3 d5 3. exd5 Nf6 4. d4 Qxd5 5. Nf3 Bg4 6. dxc5 Qxd1+ 7. Kxd1 e5 8.
b4 a5 9. Kc2 axb4 10. cxb4 Nc6 11. Bb5 Bd7 12. Bxc6 Bxc6 13. Nxe5 Bxg2 14. Re1
Be7 15. Nc3 Nd5 16. Nxd5 Bxd5 17. a3 b6 18. cxb6 Bxb4 19. axb4 Rxa1 20. Ng6+
1-0

[Event "25. Copenhagen Open  (Politiken Cup)"]
[Site "Copenhagen"]
[Date "2003.07.14"]
[Round "1"]
[White "Skjoldborg, Jesper"]
[Black "Pedersen, Rune Linnebo"]
[Result "1-0"]
[WhiteElo "2253"]
[BlackElo "1800"]
[PlyCount "87"]
[EventDate "2003.07.14"]
[EventType "swiss"]
[EventRounds "11"]
[EventCountry "DEN"]
[SourceDate "2004.01.01"]

1. e4 c5 2. Nf3 Nc6 3. d4 cxd4 4. Nxd4 g6 5. Nc3 Bg7 6. Be3 Nf6 7. Bc4 Qa5 8.
O-O O-O 9. Bb3 d6 10. h3 Bd7 11. Qe2 Nxd4 12. Bxd4 Qh5 13. Qxh5 Nxh5 14. Bxg7
Kxg7 15. Nd5 e6 16. Ne3 Bc6 17. f3 Rfd8 18. Rfd1 Nf4 19. Rd2 Kf8 20. Rad1 Ke7
21. h4 a5 22. c3 a4 23. Bc4 f6 24. g3 Nh5 25. Kf2 Ng7 26. Be2 f5 27. exf5 gxf5
28. Nc4 Ne8 29. Nb6 Ra5 30. a3 Nc7 31. Rxd6 Rxd6 32. Nc8+ Kd7 33. Nxd6 Rd5 34.
Nc4 Rxd1 35. Bxd1 b5 36. Ne5+ Kd6 37. Nxc6 Kxc6 38. Bc2 h5 39. Ke3 Nd5+ 40. Kd4
f4 41. g4 Ne3 42. Be4+ Kd6 43. gxh5 e5+ 44. Kd3 1-0

[Event "25. Copenhagen Open  (Politiken Cup)"]
[Site "Copenhagen"]
[Date "2003.07.14"]
[Round "1"]
[White "Skovgaard, Peter Nicolai"]
[Black "Nyback, Tomi"]
[Result "0-1"]
[WhiteElo "2038"]
[BlackElo "2483"]
[PlyCount "80"]
[EventDate "2003.07.14"]
[EventType "swiss"]
[EventRounds "11"]
[EventCountry "DEN"]
[SourceDate "2004.01.01"]

1. e4 d6 2. d4 Nf6 3. Nc3 g6 4. Nf3 Bg7 5. Be3 O-O 6. Qd2 a6 7. O-O-O b5 8. e5
dxe5 9. Nxe5 Bb7 10. f3 Nbd7 11. Nxd7 Qxd7 12. Bh6 Rfd8 13. Bxg7 Kxg7 14. h4 b4
15. Ne2 c5 16. h5 Qa4 17. Kb1 c4 18. hxg6 fxg6 19. Nf4 b3 20. Ne6+ Kh8 21. axb3
cxb3 22. cxb3 Qxb3 23. Nxd8 Bd5 24. Qd3 Qa2+ 25. Kc1 Bb3 26. Qxg6 Qa1+ 27. Qb1
Rc8+ 28. Kd2 Qa5+ 29. Ke3 Rxd8 30. Rd3 Bc4 31. Ra3 Qg5+ 32. Kf2 Qd2+ 33. Kg1
Qxd4+ 34. Kh2 Qe5+ 35. Kg1 Rd2 36. Qc1 Qd4+ 37. Kh2 Qf4+ 38. Kg1 Rxg2+ 39. Kxg2
Qxc1 40. Bxc4 Qxb2+ 0-1

[Event "25. Copenhagen Open  (Politiken Cup)"]
[Site "Copenhagen"]
[Date "2003.07.14"]
[Round "1"]
[White "Stam, Bart"]
[Black "Nielsen, Peter Heine"]
[Result "0-1"]
[WhiteElo "2058"]
[BlackElo "2636"]
[PlyCount "70"]
[EventDate "2003.07.14"]
[EventType "swiss"]
[EventRounds "11"]
[EventCountry "DEN"]
[SourceDate "2004.01.01"]

1. e4 c5 2. Nf3 d6 3. d4 cxd4 4. Nxd4 Nf6 5. Nc3 a6 6. Bg5 Nbd7 7. f4 b5 8. a3
Bb7 9. Bd3 e6 10. Qe2 Qb6 11. Nb3 Rc8 12. a4 b4 13. a5 Qc7 14. Na4 Be7 15. O-O
O-O 16. Kh1 Rfe8 17. c3 bxc3 18. Nxc3 Qb8 19. Nd2 Nc5 20. Bc2 h6 21. Bxf6 Bxf6
22. Nc4 Bxc3 23. bxc3 Bxe4 24. Bxe4 Nxe4 25. Nb6 Nxc3 26. Qxa6 Rc6 27. Rac1 d5
28. Qd3 Qc7 29. Rf3 Na4 30. Rxc6 Qxc6 31. Qb1 Nxb6 32. axb6 Rc8 33. Kg1 Qc5+
34. Rf2 Rb8 35. b7 Qa7 0-1

[Event "25. Copenhagen Open  (Politiken Cup)"]
[Site "Copenhagen"]
[Date "2003.07.14"]
[Round "1"]
[White "Stokke, Kjetil"]
[Black "Rasmussen, Jens"]
[Result "1-0"]
[WhiteElo "2162"]
[BlackElo "1638"]
[PlyCount "99"]
[EventDate "2003.07.14"]
[EventType "swiss"]
[EventRounds "11"]
[EventCountry "DEN"]
[SourceDate "2004.01.01"]

1. Nf3 Nf6 2. c4 d6 3. Nc3 c6 4. e4 Bg4 5. Be2 Nbd7 6. d4 Bxf3 7. Bxf3 e5 8.
Be3 Be7 9. O-O Qc7 10. d5 a6 11. Be2 h6 12. Rc1 c5 13. g3 Nf8 14. f4 N8h7 15.
Qd3 Nd7 16. Rc2 Bf6 17. Kh1 Qd8 18. Bg4 b6 19. Bd1 Rb8 20. Rcf2 Qe7 21. Ba4 O-O
22. Rg2 Rb7 23. f5 Rfb8 24. Bc6 Ra7 25. h4 Qf8 26. Rh2 Qd8 27. b3 Be7 28. Rg1
Kf8 29. Qd2 Ndf6 30. g4 Ng8 31. g5 b5 32. gxh6 Bf6 33. hxg7+ Bxg7 34. Qg2 Qf6
35. Bg5 Nxg5 36. hxg5 Qd8 37. f6 Bxf6 38. gxf6 Qxf6 39. Qxg8+ Ke7 40. Qg5 Qxg5
41. Rxg5 bxc4 42. bxc4 Rb4 43. Ne2 Rxc4 44. Ng3 Rc1+ 45. Kg2 Rc2+ 46. Kh3 Rxh2+
47. Kxh2 Kf6 48. Rg8 Rc7 49. Nf5 c4 50. Nxd6 1-0

[Event "25. Copenhagen Open  (Politiken Cup)"]
[Site "Copenhagen"]
[Date "2003.07.14"]
[Round "1"]
[White "Taksrud, Vidar"]
[Black "Christensen, Bo Garner"]
[Result "1-0"]
[WhiteElo "1914"]
[BlackElo "2273"]
[PlyCount "103"]
[EventDate "2003.07.14"]
[EventType "swiss"]
[EventRounds "11"]
[EventCountry "DEN"]
[SourceDate "2004.01.01"]

1. Nf3 d5 2. c4 e6 3. g3 Nf6 4. Bg2 Nbd7 5. b3 c6 6. O-O Bd6 7. Nc3 O-O 8. Qc2
a6 9. d4 h6 10. Rd1 Qe7 11. Bf4 Bb4 12. c5 Ne8 13. Na4 Ba5 14. Ne5 Nxe5 15.
dxe5 Bc7 16. Qc3 g5 17. Be3 Ng7 18. Bd4 Bd7 19. e3 Nf5 20. Bf3 Nxd4 21. exd4 f6
22. Bg4 fxe5 23. dxe5 Be8 24. Nb2 Bg6 25. Rd2 h5 26. Bh3 g4 27. Bg2 Qg5 28. Re1
Rf7 29. Rde2 Raf8 30. a4 Rf3 31. Bxf3 gxf3 32. Re3 Be4 33. Rxe4 dxe4 34. Nc4
Qf5 35. Ne3 Bxe5 36. Qc4 Qg6 37. Nf1 Rf4 38. Qc2 h4 39. Qd2 hxg3 40. hxg3 Rg4
41. Qd8+ Kh7 42. Rd1 e3 43. Rd7+ Bg7 44. Nxe3 Rb4 45. Qf8 Rxb3 46. Qxf3 Rb4 47.
Kg2 a5 48. Qd1 Qe4+ 49. Kh2 Kg6 50. Ng2 Be5 51. f4 Kh6 52. Qg4 1-0

[Event "25. Copenhagen Open  (Politiken Cup)"]
[Site "Copenhagen"]
[Date "2003.07.14"]
[Round "1"]
[White "Tallaksen, Geir Sune"]
[Black "Schmidt, Horst Hubert"]
[Result "1-0"]
[WhiteElo "2285"]
[BlackElo "1870"]
[PlyCount "97"]
[EventDate "2003.07.14"]
[EventType "swiss"]
[EventRounds "11"]
[EventCountry "DEN"]
[SourceDate "2004.01.01"]

1. d4 d5 2. c4 e6 3. Nc3 Nf6 4. cxd5 exd5 5. Bg5 Be7 6. Qc2 Nc6 7. e3 O-O 8. a3
a6 9. Bd3 h6 10. Bh4 Be6 11. Nge2 Nh5 12. Bxe7 Qxe7 13. O-O Rad8 14. Na4 Bg4
15. Nc5 Bc8 16. Bh7+ Kh8 17. Bf5 Bxf5 18. Qxf5 g6 19. Qc2 Rb8 20. Nxa6 Rbc8 21.
Nc5 b6 22. Nd3 Nb8 23. Rac1 Nf6 24. Ne5 c5 25. Qxg6 fxg6 26. Nxg6+ Kh7 27. Nxe7
Rc7 28. Nf5 Ne4 29. Nfg3 Nd2 30. Rfd1 Nc4 31. dxc5 Nxb2 32. cxb6 Rcf7 33. Rf1
Nc4 34. Nf4 Nxb6 35. Rfd1 Ra7 36. Nxd5 Nxd5 37. Rxd5 Rxa3 38. h3 Ra2 39. Rc7+
Kg8 40. Nf5 Ra6 41. Rb5 Nc6 42. Nxh6+ Kh8 43. Rbb7 Ne7 44. Ng4 Nf5 45. e4 Ra1+
46. Kh2 Rh1+ 47. Kxh1 Ng7 48. Rxg7 Rf7 49. Rgxf7 1-0

[Event "25. Copenhagen Open  (Politiken Cup)"]
[Site "Copenhagen"]
[Date "2003.07.14"]
[Round "1"]
[White "Tandrup, Michael"]
[Black "Jakobsen, Ole"]
[Result "0-1"]
[WhiteElo "1984"]
[BlackElo "2381"]
[PlyCount "62"]
[EventDate "2003.07.14"]
[EventType "swiss"]
[EventRounds "11"]
[EventCountry "DEN"]
[SourceDate "2004.01.01"]

1. e4 c5 2. Nc3 e6 3. f4 d5 4. exd5 exd5 5. Nf3 Nf6 6. Bb5+ Bd7 7. Qe2+ Be7 8.
O-O O-O 9. Bxd7 Nbxd7 10. Kh1 Bd6 11. d4 Re8 12. Qd3 cxd4 13. Nxd4 Nc5 14. Qf5
Bf8 15. Bd2 Nce4 16. Rad1 Qb6 17. Nxe4 Nxe4 18. Bc1 Rad8 19. c3 Bc5 20. g3 Qa6
21. Qh3 Qxa2 22. f5 Qa6 23. f6 Bxd4 24. Rxd4 Nxf6 25. Bg5 Rd6 26. Rdf4 Ne4 27.
Be7 Rh6 28. Qd7 Qc6 29. Qxc6 bxc6 30. Rxf7 Nxg3+ 31. Kg2 Nxf1 0-1

[Event "25. Copenhagen Open  (Politiken Cup)"]
[Site "Copenhagen"]
[Date "2003.07.14"]
[Round "1"]
[White "Tidman, Sophie E"]
[Black "Jensen, Sren"]
[Result "1-0"]
[WhiteElo "2126"]
[BlackElo "1565"]
[PlyCount "69"]
[EventDate "2003.07.14"]
[EventType "swiss"]
[EventRounds "11"]
[EventCountry "DEN"]
[SourceDate "2004.01.01"]

1. e4 e5 2. Nf3 d5 3. exd5 e4 4. Qe2 Qe7 5. Nd4 Nf6 6. Nc3 Qe5 7. Nb3 Nbd7 8.
g3 Bb4 9. Bg2 Bxc3 10. bxc3 O-O 11. O-O Re8 12. Bb2 Nb6 13. d3 Nbxd5 14. dxe4
Nb6 15. Rae1 Be6 16. f4 Qh5 17. Bf3 Qh6 18. Nd2 Bh3 19. Rf2 c6 20. c4 Qg6 21.
Bxf6 gxf6 22. Bh5 Qg7 23. Qf3 Be6 24. c5 Nc4 25. Nb3 f5 26. Rfe2 Red8 27. exf5
Bxf5 28. Re7 Be6 29. R1xe6 Nd2 30. Nxd2 Qd4+ 31. Re3 Qxd2 32. Bxf7+ Kh8 33. Qe4
Qc1+ 34. Re1 Rd1 35. Qe5# 1-0

[Event "25. Copenhagen Open  (Politiken Cup)"]
[Site "Copenhagen"]
[Date "2003.07.14"]
[Round "1"]
[White "Tuomisto, Keijo"]
[Black "Kongsted, Halfdan Christian"]
[Result "0-1"]
[WhiteElo "1780"]
[BlackElo "2246"]
[PlyCount "68"]
[EventDate "2003.07.14"]
[EventType "swiss"]
[EventRounds "11"]
[EventCountry "DEN"]
[SourceDate "2004.01.01"]

1. Nf3 d5 2. d4 Nf6 3. c4 c6 4. Nc3 e6 5. e3 Nbd7 6. Qc2 b6 7. a3 Bb7 8. b3 Rc8
9. Bb2 Be7 10. Bd3 a6 11. O-O O-O 12. Ne5 dxc4 13. Nxc4 c5 14. Qe2 b5 15. Nd2
cxd4 16. exd4 Qb6 17. Nce4 Nxe4 18. Nxe4 Nf6 19. Rad1 Nxe4 20. Bxe4 Bxe4 21.
Qxe4 Bf6 22. Rc1 g6 23. h4 Rfd8 24. Rxc8 Rxc8 25. Rd1 h5 26. Rd2 Rd8 27. g4
hxg4 28. Rd3 Rd5 29. Qxg4 Qd8 30. Kf1 Rh5 31. Rh3 Qd5 32. Rf3 Kg7 33. Rxf6 Kxf6
34. Ke2 Kg7 0-1